Dějiny měnových teorií na českém území
Salvato in:
| Autore principale: | |
|---|---|
| Altri autori: | |
| Natura: | Libro |
| Lingua: | ceco |
| Pubblicazione: |
Praha
Vysoká škola ekonomická. Nakladatelství Oeconomica
2005
|
| Soggetti: | |
| Tags: |
Nessun Tag, puoi essere il primo ad aggiungerne!!
|
MARC
| LEADER | 00000nam$a2200000$$$4500 | ||
|---|---|---|---|
| 001 | 0054048 | ||
| 005 | 20240306141327.7 | ||
| 020 | |a 80-245-0992-X | ||
| 041 | 0 | |a cze | |
| 044 | |a CZ | ||
| 245 | 1 | 0 | |a Dějiny měnových teorií na českém území |c František Vencovský, Karel Půlpán a kol. |
| 264 | 1 | |a Praha |b Vysoká škola ekonomická. Nakladatelství Oeconomica |c 2005 | |
| 300 | |a 485 s. | ||
| 610 | 2 | 0 | |a mena |
| 610 | 2 | 0 | |a peniaze |
| 610 | 2 | 0 | |a teória peňažná |
| 610 | 2 | 0 | |a dejiny |
| 610 | 2 | 0 | |a mince |
| 610 | 2 | 0 | |a myslenie ekonomické |
| 610 | 2 | 0 | |a osobnosť |
| 610 | 2 | 0 | |a prostredie ekonomické |
| 610 | 2 | 0 | |a socializmus |
| 610 | 2 | 0 | |a banky centrálne |
| 610 | 2 | 0 | |a kurz devízový |
| 610 | 2 | 0 | |a kurz menový |
| 610 | 2 | 0 | |a koruna |
| 610 | 2 | 0 | |a politika menová |
| 610 | 2 | 0 | |a reformy menové |
| 610 | 2 | 0 | |a Česko |
| 610 | 2 | 0 | |a Klaus, V. |
| 100 | 1 | |a Vencovský, František | |
| 700 | 1 | |a Půlpán, Karel | |